000 01015nam a2200265Ia 4500
003 OSt
005 20220923211531.0
006 a|||||r|||| 00| 0
007 ta
008 220922b |||||||| |||| 00| 0 hin d
020 _a9789381863213 (hbk)
_c750
024 _a284,846
037 _bBR8588, 30/03/2015, Rajkamal Prakashan Pvt. Ltd
_cTextual
040 _aARTS
_cARTS
_bhin
041 _2hin
_ahin
082 _aQ2:4x, 152Q3
100 _aकृष्ण मोहन प्रसाद सिंह
_9160723
245 0 _aसनातन धर्मकोश अन्तिम सत्य
246 _aSanātan dharmakosh antim satya
260 _aनई दिल्ली
_b ज्ञान - विज्ञान प्रकाशन
_c2013
300 _a331पृ.
_ccm.
650 _aधर्म
942 _hQ2:4x, 152Q3
_cTEXL
_2CC
999 _c300532
_d300532